Loading...
| Science - Chemistry | 0 | 7 | 0 | 3 | 70 | 49 | 112.71 | 1 | 2 |
| Literature - European Literature | 0 | 7 | 1 | 2 | 65 | 52 | 109.14 | 3 | 3 |
| Science - Biology | 0 | 6 | 1 | 3 | 55 | 42 | 114.33 | 0 | 0 |
| Literature - World Literature | 0 | 6 | 1 | 1 | 55 | 69 | 100.00 | 0 | 1 |
| Literature - American Literature | 0 | 6 | 2 | 0 | 50 | 11 | 74.33 | 2 | 2 |
| Philosophy | 0 | 4 | 0 | 1 | 40 | 60 | 91.50 | 1 | 2 |
| Literature - British Literature | 0 | 4 | 1 | 2 | 35 | 107 | 131.25 | 0 | 1 |
| Fine Arts - Classical Music | 0 | 5 | 4 | 1 | 30 | 67 | 107.80 | 0 | 0 |
| Science - Physics | 0 | 4 | 3 | 1 | 25 | 95 | 117.25 | 0 | 1 |
| Fine Arts - Other Fine Arts | 0 | 3 | 1 | 0 | 25 | 105 | 111.33 | 0 | 0 |
| Geography | 0 | 2 | 0 | 1 | 20 | 119 | 122.00 | 0 | 0 |
| History - European History | 0 | 2 | 0 | 1 | 20 | 67 | 98.00 | 0 | 1 |
| History - World History | 0 | 2 | 0 | 0 | 20 | 73 | 93.50 | 0 | 1 |
| History - American History | 0 | 3 | 2 | 0 | 20 | 72 | 84.00 | 0 | 2 |
| Other Academic | 0 | 2 | 1 | 1 | 15 | 118 | 132.00 | 0 | 0 |
| Science - Other Science | 0 | 2 | 1 | 0 | 15 | 80 | 94.00 | 0 | 2 |
| Social Science | 0 | 2 | 2 | 1 | 10 | 98 | 117.50 | 1 | 1 |
| Current Events | 0 | 1 | 0 | 1 | 10 | 150 | 150.00 | 0 | 0 |
| Fine Arts - Painting & Sculpture | 0 | 0 | 1 | 0 | -5 | 0.00 | 0 | 0 |